[Event "GER-chT U20"]
[Site "Osnabrueck"]
[Date "2013.12.27"]
[Round "2.6"]
[White "Wichmann, Adrian"]
[Black "Alber, Alexander"]
[Result "1/2-1/2"]
[WhiteElo "1777"]
[BlackElo "1937"]
[PlyCount "114"]
[EventDate "2013.12.27"]
[EventType "team-swiss"]
[EventRounds "7"]
[EventCountry "GER"]
[SourceTitle "EXT 2015"]
[Source "ChessBase"]
[SourceDate "2014.11.20"]
[SourceVersion "1"]
[SourceVersionDate "2014.11.20"]
[SourceQuality "1"]
[WhiteTeam "Forchheim"]
[BlackTeam "Bebenhausen"]
[WhiteTeamCountry "GER"]
[BlackTeamCountry "GER"]

1. e4 c5 2. d4 cxd4 3. c3 dxc3 4. Nxc3 Nc6 5. Bc4 d6 6. Nf3 e6 7. 0-0 Nf6 8. Qe2 Be7 9. Rd1 e5 10. Bg5 Bg4 11. Bxf6 Bxf6 12. Nb5 Be7 13. Qd3 0-0 14. Nxd6 Bxf3 15. gxf3 Bxd6 16. Qxd6 Qg5+ 17. Kh1 Qf4 18. Qd3 Nd4 19. Kg2 Rac8 20. Bb3 Rc6 21. Qe3 Rg6+ 22. Kh1 Qh4 23. Rg1 Rh6 24. Rg2 Kh8 25. Rc1 Qh3 26. Rc3 Rg6 27. Rg1 Nxb3 28. Rxb3 Rd8 29. Rd3 Rgd6 30. Rxd6 Rxd6 31. Qe2 g6 32. Rd1 Rc6 33. Kg1 Kg7 34. Rd3 Qh6 35. Rd1 Qg5+ 36. Kh1 Qf6 37. Rd3 h5 38. Rc3 Rd6 39. Rd3 Re6 40. Ra3 Rc6 41. Rc3 Re6 42. Ra3 a6 43. Rb3 Re7 44. Qe3 Qe6 45. Kg2 Rd7 46. a3 Rd1 47. Rc3 Qd6 48. Qc5 Qf6 49. Qe3 h4 50. h3 Rd4 51. Rd3 Rxd3 52. Qxd3 Qg5+ 53. Kh2 Qf4+ 54. Kg2 Qc1 55. b4 Qc6 56. Qe3 b5 57. Qd3 Qf6 1/2-1/2

[Event "GER-chT U20"]
[Site "Osnabrueck"]
[Date "2012.12.27"]
[Round "2.6"]
[White "Wagner, Robert"]
[Black "Alber, Alexander"]
[Result "1/2-1/2"]
[WhiteElo "1799"]
[BlackElo "1980"]
[PlyCount "51"]
[EventDate "2012.12.27"]
[EventType "team-swiss"]
[EventRounds "7"]
[EventCountry "GER"]
[SourceTitle "EXT 2014"]
[Source "ChessBase"]
[SourceDate "2013.11.20"]
[SourceVersion "1"]
[SourceVersionDate "2013.11.20"]
[SourceQuality "1"]
[WhiteTeam "Forchheim"]
[BlackTeam "Bebenhausen"]
[WhiteTeamCountry "GER"]
[BlackTeamCountry "GER"]

1. d4 Nf6 2. c4 g6 3. Nc3 Bg7 4. e4 d6 5. f3 0-0 6. Be3 c5 7. d5 e6 8. Bd3 exd5 9. cxd5 Na6 10. Nge2 Nc7 11. Qd2 h5 12. h3 b5 13. Nxb5 Nxb5 14. Bxb5 Rb8 15. Nc3 Qa5 16. Be2 Nd7 17. Rc1 Qb4 18. b3 f5 19. Bh6 f4 20. Bxg7 Kxg7 21. Na4 Ne5 22. Qxb4 Rxb4 23. Nb2 Bd7 24. Nc4 Nxc4 25. Bxc4 a5 26. a4 1/2-1/2

[Event "Wuerttemberg-ch U12"]
[Site "Friedrichshafen"]
[Date "2005.03.29"]
[Round "1"]
[White "Gheng, Hannelore"]
[Black "Alber, Alexander"]
[Result "0-1"]
[WhiteElo "1224"]
[BlackElo "923"]
[PlyCount "234"]
[EventDate "2005.03.29"]
[EventType "swiss"]
[EventRounds "7"]
[EventCountry "GER"]
[SourceTitle "EXT 2007"]
[Source "ChessBase"]
[SourceDate "2006.11.23"]
[SourceVersion "1"]
[SourceVersionDate "2006.11.23"]
[SourceQuality "1"]

1. e4 e5 2. Nf3 Nc6 3. Bc4 Bc5 4. c3 Nf6 5. d4 exd4 6. cxd4 Bb4+ 7. Nc3 Bxc3+ 8. bxc3 Nxe4 9. 0-0 d5 10. Bb5 Bd7 11. Qe1 0-0 12. Bd3 Re8 13. Qd1 Nxc3 14. Qc2 Ne4 15. Re1 Bg4 16. Ne5 Nxe5 17. dxe5 Bd7 18. Bxe4 dxe4 19. Qxe4 Bc6 20. Qg4 Qd7 21. Qg3 Qe6 22. Bg5 h6 23. Bf6 g6 24. h4 Kh7 25. h5 Rg8 26. Qd3 Qg4 27. f3 Qd7 28. Qxd7 Bxd7 29. hxg6+ Rxg6 30. Rad1 Be6 31. Bd8 c6 32. a3 Bd5 33. Bf6 Bxf3 34. Rd2 Bd5 35. Kf2 Rxg2+ 36. Ke3 Rxd2 37. Kxd2 Rg8 38. Rd1 Rg2+ 39. Kc1 Ra2 40. Kb1 Rxa3 41. Rg1 Rb3+ 42. Kc2 h5 43. Rg7+ Kh6 44. Rg8 a5 45. Rh8+ Kg6 46. Rg8+ Kf5 47. Rg5+ Ke6 48. Rxh5 a4 49. Rh4 a3 50. Ra4 Rb2+ 51. Kc3 Rb3+ 52. Kc2 a2 53. Rxa2 Rc3+ 54. Kxc3 Bxa2 55. Kb4 Kd5 56. Ka3 Bc4 57. Kb4 c5+ 58. Kc3 b5 59. Kb2 b4 60. Be7 Ba6 61. Kb3 Kc6 62. Ka4 Kb6 63. Bd6 Bc8 64. Kb3 Kb5 65. Bf8 c4+ 66. Kc2 c3 67. Kb3 Be6+ 68. Kc2 Kc4 69. Bh6 b3+ 70. Kb1 Bf5+ 71. Ka1 Kd3 72. Kb1 c2+ 73. Kb2 Be6 74. Bf4 Ke4 75. Bg3 Kf3 76. Bh2 Ke2 77. Bf4 Kd1 78. Bc1 Ke2 79. Bf4 Kd3 80. Bg3 Kc4 81. Bf4 Kb4 82. Bd2+ Ka4 83. Bc1 Bc4 84. Bd2 Be2 85. Bc1 Bg4 86. Bd2 Be6 87. Bc1 Kb5 88. Be3 Kc4 89. Bf4 Kd4 90. Bg3 Kd3 91. Bf4 Ke4 92. Bg3 Kf3 93. Bh2 Ke2 94. Bf4 Kf3 95. Bc1 Ke4 96. Kc3 Kxe5 97. Bb2 Ke4 98. Kd2 f5 99. Ke2 f4 100. Kf2 f3 101. Kf1 Ke3 102. Ke1 f2+ 103. Kf1 Kd2 104. Kxf2 c1Q 105. Bxc1+ Kxc1 106. Ke3 b2 107. Ke4 b1Q+ 108. Ke5 Qb4 109. Kxe6 Qc5 110. Kf6 Kd2 111. Kf7 Qd6 112. Kg7 Ke3 113. Kg8 Qe7 114. Kh8 Kf4 115. Kg8 Kg5 116. Kh8 Kg6 117. Kg8 Qg7# 0-1